| 000 | 00648 a2200169 4500 | ||
|---|---|---|---|
| 003 | Nust | ||
| 005 | 20170207154034.0 | ||
| 040 | _cNust | ||
| 100 | _aS Ramsden, F Lin | ||
| 245 |
_aFortran 90 A Conversion Course for Fortran 77 Programmers(E-BOOK) _cS Ramsden, F Lin |
||
| 250 | _a3.0 ed | ||
| 260 |
_aManchester _bMAN T&EC _c1995 |
||
| 300 | _avi,96p | ||
| 505 | _aIntroduction (Page-1) Sources, Types and Control Structures (Page-5) Procedures and Modules (Page-19) Array Processing (Page-41) Pointer Variables (Page-63) Input/ Output (Page-75) Intrinsic Procedures (Page-88) Further Development (Page-91) | ||
| 650 | _aFortran 90 | ||
| 651 | _aE-BOOK | ||
| 942 |
_2ddc _cBK |
||
| 999 |
_c192305 _d192305 |
||